[Event "Mislata 2017 Torneo A"]
[Site "Mislata ESP"]
[Date "2017.08.07"]
[Round "1.1"]
[White "Gonzalvez Tamarit, Ruben"]
[Black "Cruz Lledo, Pablo"]
[Result "1-0"]
[WhiteElo "2073"]
[BlackElo "2439"]
[PlyCount "113"]
[EventDate "2017.08.07"]
[EventType "swiss"]
[EventRounds "9"]
[EventCountry "ESP"]
[SourceTitle "Ajedrez en Madrid"]
[Source "lmi"]
[SourceDate "2017.08.07"]

1. e4 g6 2. d4 Bg7 3. Nf3 c6 4. Nc3 d5 5. exd5 cxd5 6. Bb5+ Nc6 7. Ne5 Bd7 8.
Bxc6 bxc6 9. O-O Nf6 10. Na4 O-O 11. Nc5 Be8 12. Re1 Qd6 13. Qe2 e6 14. b3 Nd7
15. Ba3 Nb8 16. c3 f6 17. Ned3 Bf7 18. Qb2 e5 19. Na4 Qc7 20. Bxf8 Kxf8 21. Qe2
e4 22. Ndc5 f5 23. f3 Nd7 24. Nxd7+ Qxd7 25. Nc5 Qc7 26. fxe4 dxe4 27. Qe3 Re8
28. Rf1 Bf6 29. Rae1 Kg7 30. Qg3 Qc8 31. Qf4 Bd5 32. g3 Qd8 33. h4 Be7 34. Qe5+
Kf7 35. Nxe4 h6 36. Nc5 Rg8 37. Ne6 Qd7 38. Nf4 Bf6 39. Qe2 Be4 40. Qc4+ Kf8
41. Ne6+ Ke7 42. Nc5 Qd5 43. Nxe4 fxe4 44. Rxe4+ Qxe4 45. Qxg8 Qe3+ 46. Kg2
Qe2+ 47. Rf2 Qe4+ 48. Kh2 g5 49. hxg5 hxg5 50. Qc8 g4 51. Qc7+ Ke6 52. Rxf6+
Kxf6 53. Qf4+ Qf5 54. Kg2 Kg6 55. Qxf5+ Kxf5 56. Kf2 Ke4 57. Ke2 1-0

[Event "Mislata 2017 Torneo A"]
[Site "Mislata ESP"]
[Date "2017.08.07"]
[Round "1.2"]
[White "Kovacevic, Slobodan"]
[Black "Cebrian Flores, Juan Antonio"]
[Result "1-0"]
[WhiteElo "2304"]
[BlackElo "2057"]
[PlyCount "159"]
[EventDate "2017.08.07"]
[EventType "swiss"]
[EventRounds "9"]
[EventCountry "ESP"]
[SourceTitle "Ajedrez en Madrid"]
[Source "lmi"]
[SourceDate "2017.08.07"]

1. d4 Nf6 2. Nf3 d5 3. Bf4 c5 4. e3 Nc6 5. c3 Qb6 6. Qb3 c4 7. Qc2 Bf5 8. Qc1
e6 9. Nbd2 h6 10. Be2 Be7 11. h3 O-O 12. b3 cxb3 13. axb3 Rfc8 14. Qb2 Qd8 15.
b4 Bd6 16. b5 Ne7 17. Bxd6 Qxd6 18. O-O a6 19. c4 axb5 20. c5 Qc7 21. Bxb5 Nc6
22. Rfc1 Nd7 23. Nb3 f6 24. Ra3 Bg6 25. Qa1 Rxa3 26. Qxa3 Ndb8 27. Qa4 Be8 28.
Ne1 Bd7 29. Nc2 g5 30. Ne1 h5 31. Nd3 Be8 32. Ne1 Bd7 33. Qa1 Be8 34. Qc3 Qg7
35. g3 Qc7 36. Ra1 Bd7 37. Bf1 Be8 38. Bg2 Bg6 39. Qd2 Rf8 40. Qe2 Nb4 41. Ra4
N8c6 42. Qd2 Na6 43. Qe2 Nab4 44. Bf1 h4 45. gxh4 gxh4 46. Qg4 Kf7 47. Qxh4 Bf5
48. Kh1 Rg8 49. Bg2 Rg7 50. f4 Qc8 51. Kh2 Qg8 52. Qf2 Qh8 53. Nc1 Na6 54. Ne2
Rh7 55. Ng1 Nab4 56. Qb2 Qg7 57. Rxb4 Nxb4 58. Qxb4 Kg6 59. Qb2 Qc7 60. Nef3
Be4 61. Qf2 Kf7 62. Qb2 Kg6 63. Ne2 Qa5 64. Neg1 Qa4 65. Ne1 Bf5 66. Bf3 Qa5
67. Ng2 Qa6 68. Be2 Qa5 69. Kg3 Be4 70. Bf3 Bf5 71. Kh2 Qa6 72. Qf2 Kf7 73. Nh4
Bd3 74. Qg3 Rg7 75. Qf2 Qa1 76. Bg2 Bc4 77. f5 e5 78. Ng6 e4 79. Qf4 Qa6 80.
Qc7+ 1-0

[Event "Mislata 2017 Torneo A"]
[Site "Mislata ESP"]
[Date "2017.08.07"]
[Round "1.3"]
[White "Alvarez Morales, Miguel"]
[Black "Remolar Gallen, Jose"]
[Result "0-1"]
[WhiteElo "2055"]
[BlackElo "2304"]
[PlyCount "82"]
[EventDate "2017.08.07"]
[EventType "swiss"]
[EventRounds "9"]
[EventCountry "ESP"]
[SourceTitle "Ajedrez en Madrid"]
[Source "lmi"]
[SourceDate "2017.08.07"]

1. c4 g6 2. Nc3 Bg7 3. d4 d6 4. e4 Nc6 5. Be3 e5 6. dxe5 Bxe5 7. h3 Bg7 8. Rc1
Nf6 9. c5 O-O 10. cxd6 cxd6 11. Nf3 Re8 12. Bd3 d5 13. exd5 Nxd5 14. Nxd5 Qxd5
15. O-O Bxb2 16. Rc5 Qd6 17. Bc4 Qxd1 18. Rxd1 Ba3 19. Ng5 Bxc5 20. Bxf7+ Kg7
21. Bxe8 Bxe3 22. fxe3 Bg4 23. hxg4 Rxe8 24. Rd7+ Re7 25. Rxe7+ Nxe7 26. Ne4 b6
27. Kf2 h6 28. g5 hxg5 29. g4 Nd5 30. Nd6 a6 31. Nc8 b5 32. Nd6 Nc3 33. a3 Kf6
34. Ne8+ Ke5 35. Nc7 a5 36. Ke1 Ke4 37. Kf2 Kd3 38. Kf3 b4 39. axb4 a4 40. b5
a3 41. b6 a2 0-1

[Event "Mislata 2017 Torneo A"]
[Site "Mislata ESP"]
[Date "2017.08.07"]
[Round "1.4"]
[White "Garcia Fernandez, Carlos"]
[Black "Lucas Leon, Angel"]
[Result "1/2-1/2"]
[WhiteElo "2295"]
[BlackElo "2055"]
[PlyCount "23"]
[EventDate "2017.08.07"]
[EventType "swiss"]
[EventRounds "9"]
[EventCountry "ESP"]
[SourceTitle "Ajedrez en Madrid"]
[Source "lmi"]
[SourceDate "2017.08.07"]

1. e4 c6 2. d4 d5 3. Nd2 dxe4 4. Nxe4 Bf5 5. Ng3 Bg6 6. Bc4 e6 7. N1e2 Bd6 8.
O-O Nd7 9. c3 Ne7 10. Bf4 Qc7 11. Qd2 O-O-O 12. Bxd6 1/2-1/2

[Event "Mislata 2017 Torneo A"]
[Site "Mislata ESP"]
[Date "2017.08.07"]
[Round "1.5"]
[White "Martinez Villena, David"]
[Black "Cano Gimenez, Vicente"]
[Result "0-1"]
[WhiteElo "2037"]
[BlackElo "2285"]
[PlyCount "158"]
[EventDate "2017.08.07"]
[EventType "swiss"]
[EventRounds "9"]
[EventCountry "ESP"]
[SourceTitle "Ajedrez en Madrid"]
[Source "lmi"]
[SourceDate "2017.08.07"]

1. e4 c5 2. c3 g6 3. d4 cxd4 4. cxd4 d5 5. e5 Nh6 6. Nc3 Bg7 7. Nf3 O-O 8. Be2
Nc6 9. O-O Bg4 10. Qb3 Bxf3 11. Bxf3 e6 12. Be3 Nf5 13. Ne2 Rb8 14. g3 f6 15.
exf6 Qxf6 16. Bg4 Qe7 17. Rad1 Qb4 18. Rd3 Rf7 19. Rfd1 Re8 20. a3 Qe7 21. R3d2
Na5 22. Qa4 Nc4 23. Bg5 b5 24. Qxb5 Nfd6 25. Bxe7 Nxb5 26. Bxe6 Nxd2 27. Rxd2
Rexe7 28. Bxd5 Kf8 29. Bxf7 Kxf7 30. a4 Nd6 31. b3 Rc7 32. f3 Bh6 33. Rd3 Rc2
34. Kf1 Rb2 35. Rc3 Ke6 36. g4 Kd7 37. h4 Bd2 38. Rd3 Nb7 39. Ng3 Rb1+ 40. Ke2
Be1 41. Ne4 Bxh4 42. f4 Be7 43. g5 Rh1 44. Rc3 Rh2+ 45. Kf3 Bb4 46. Rc4 a5 47.
Kg3 Rb2 48. Nf6+ Kd8 49. Nxh7 Rxb3+ 50. Kg4 Be7 51. f5 gxf5+ 52. Kf4 Rb6 53.
Rc2 Nd6 54. Rc5 Ra6 55. g6 Ne8 56. Rd5+ Kc8 57. Rxf5 Bb4 58. Nf8 Kd8 59. Kg5
Bd2+ 60. Kh5 Ng7+ 61. Kg4 Nxf5 62. Kxf5 Ke7 63. g7 Rf6+ 64. Ke5 Bf4+ 65. Kd5
Kf7 66. Ne6 Bh6 67. Nd8+ Kxg7 68. Nc6 Bd2 69. Kc5 Kf8 70. d5 Ke8 71. Ne5 Rf4
72. Nc4 Bb4+ 73. Kb5 Kd7 74. d6 Rxc4 75. Kxc4 Kxd6 76. Kd4 Kc6 77. Kc4 Bc5 78.
Kc3 Kd5 79. Kb3 Bb4 0-1

[Event "Mislata 2017 Torneo A"]
[Site "Mislata ESP"]
[Date "2017.08.07"]
[Round "1.6"]
[White "Insa Alfonso, Pablo"]
[Black "Hernandez Torralba, Jose Joaqu"]
[Result "1-0"]
[WhiteElo "2223"]
[BlackElo "2020"]
[PlyCount "37"]
[EventDate "2017.08.07"]
[EventType "swiss"]
[EventRounds "9"]
[EventCountry "ESP"]
[SourceTitle "Ajedrez en Madrid"]
[Source "lmi"]
[SourceDate "2017.08.07"]

1. e4 c5 2. c4 Nc6 3. Nc3 g6 4. g3 Bg7 5. Bg2 d6 6. Nge2 Rb8 7. O-O a6 8. f4
Bd7 9. a4 Nd4 10. d3 Nh6 11. f5 gxf5 12. Nf4 Nc6 13. Nh5 Bd4+ 14. Kh1 Ng4 15.
exf5 Nf2+ 16. Rxf2 Bxf2 17. Ng7+ Kf8 18. Bh6 Kg8 19. Ne6 1-0

[Event "Mislata 2017 Torneo A"]
[Site "Mislata ESP"]
[Date "2017.08.07"]
[Round "1.7"]
[White "Morato Tent, Francisco"]
[Black "Jordan Martinez, Miguel"]
[Result "0-1"]
[WhiteElo "2013"]
[BlackElo "2212"]
[PlyCount "42"]
[EventDate "2017.08.07"]
[EventType "swiss"]
[EventRounds "9"]
[EventCountry "ESP"]
[SourceTitle "Ajedrez en Madrid"]
[Source "lmi"]
[SourceDate "2017.08.07"]

1. e4 e6 2. d4 d5 3. Nd2 Nf6 4. e5 Nfd7 5. Bd3 c5 6. c3 Nc6 7. Ne2 cxd4 8. cxd4
f6 9. f4 fxe5 10. fxe5 Nxd4 11. Nxd4 Qh4+ 12. g3 Qxd4 13. Nf3 Bb4+ 14. Ke2 Qg4
15. Bf4 O-O 16. h3 Qh5 17. g4 Qf7 18. Bxh7+ Kh8 19. Qd3 Qxf4 20. Raf1 Nxe5 21.
Ng5 Nxd3 0-1

[Event "Mislata 2017 Torneo A"]
[Site "Mislata ESP"]
[Date "2017.08.07"]
[Round "1.8"]
[White "Hidalgo Duque, Carlos"]
[Black "Torrijos Garcia, Borja"]
[Result "1/2-1/2"]
[WhiteElo "2205"]
[BlackElo "1997"]
[PlyCount "99"]
[EventDate "2017.08.07"]
[EventType "swiss"]
[EventRounds "9"]
[EventCountry "ESP"]
[SourceTitle "Ajedrez en Madrid"]
[Source "lmi"]
[SourceDate "2017.08.07"]

1. Nf3 Nf6 2. c4 g6 3. Nc3 c5 4. d4 cxd4 5. Nxd4 Nc6 6. e4 Nxd4 7. Qxd4 d6 8.
Bg5 Bg7 9. Be2 O-O 10. Qd2 a6 11. Rc1 Bd7 12. f3 b5 13. Nd5 Nxd5 14. cxd5 Re8
15. O-O Qb6+ 16. Be3 Qb7 17. Rc2 Rac8 18. Rfc1 Rxc2 19. Rxc2 Rc8 20. Kf2 Rxc2
21. Qxc2 Qc8 22. Qxc8+ Bxc8 23. b3 e6 24. dxe6 Bxe6 25. f4 f5 26. exf5 Bxf5 27.
Bb6 Bc3 28. Ke3 Kf7 29. Bd4 Bb4 30. g4 Bb1 31. a4 bxa4 32. bxa4 a5 33. Bc4+ Kf8
34. g5 Bc2 35. Bb5 Bc5 36. Bxc5 dxc5 37. Kd2 Bb3 38. Kc3 c4 39. Kd4 Kg7 40.
Bxc4 Bxa4 41. Kc5 Bc2 42. h4 h6 43. Kb5 a4 44. Kb4 hxg5 45. hxg5 Bd1 46. Bd3
Bb3 47. Bb1 Bd1 48. Kc3 Bb3 49. Bd3 Bd1 50. Kb4 1/2-1/2

[Event "Mislata 2017 Torneo A"]
[Site "Mislata ESP"]
[Date "2017.08.07"]
[Round "1.9"]
[White "Redondo Flores, David"]
[Black "Mingo Fernandez, Matias"]
[Result "1/2-1/2"]
[WhiteElo "1993"]
[BlackElo "2201"]
[PlyCount "57"]
[EventDate "2017.08.07"]
[EventType "swiss"]
[EventRounds "9"]
[EventCountry "ESP"]
[SourceTitle "Ajedrez en Madrid"]
[Source "lmi"]
[SourceDate "2017.08.07"]

1. e4 e6 2. d4 d5 3. Nc3 Nf6 4. Bg5 Be7 5. e5 Nfd7 6. Bxe7 Qxe7 7. f4 a6 8. Nf3
c5 9. Bd3 Nc6 10. dxc5 Qxc5 11. Qd2 b5 12. O-O-O Nb6 13. Rhf1 b4 14. Ne2 a5 15.
Ned4 Nxd4 16. Nxd4 Nc4 17. Qf2 a4 18. Bxc4 Qxc4 19. Kb1 a3 20. Qe2 Ba6 21. Qxc4
Bxc4 22. Rfe1 axb2 23. Nb3 Ra3 24. Kxb2 Ke7 25. Re3 Rha8 26. Ra1 h6 27. Rg3 g6
28. Rh3 h5 29. Rg3 1/2-1/2

[Event "Mislata 2017 Torneo A"]
[Site "Mislata ESP"]
[Date "2017.08.07"]
[Round "1.10"]
[White "Segarra Martinez, Axel"]
[Black "Balada Moreno, Jose Luis"]
[Result "0-1"]
[WhiteElo "2150"]
[BlackElo "1991"]
[PlyCount "124"]
[EventDate "2017.08.07"]
[EventType "swiss"]
[EventRounds "9"]
[EventCountry "ESP"]
[SourceTitle "Ajedrez en Madrid"]
[Source "lmi"]
[SourceDate "2017.08.07"]

1. e4 g6 2. d4 Bg7 3. Nc3 d6 4. f4 a6 5. a4 Nd7 6. Nf3 c5 7. d5 Nh6 8. Bd3 Qc7
9. Qe2 c4 10. Bxc4 Nb6 11. Nd2 Bg4 12. Qd3 Rc8 13. b3 Bd7 14. Bb2 O-O 15. a5
Nxc4 16. Nxc4 f5 17. O-O Ng4 18. Kh1 Qc5 19. Qd2 Bb5 20. Na4 Bxa4 21. Bxg7 Kxg7
22. Rxa4 fxe4 23. Nb6 Qe3 24. Qxe3 Nxe3 25. Re1 Rxc2 26. Rxe4 Nxg2 27. Rxe7+
Rf7 28. Rxf7+ Kxf7 29. Rf1 Ne3 30. Re1 Ng2 31. Rf1 Ne3 32. Rb1 h5 33. Nc4 Nf5
34. Rb2 Rc3 35. Kg2 h4 36. Kf2 Rd3 37. Nb6 Nd4 38. Nc8 Rf3+ 39. Kg1 Nf5 40. Rc2
h3 41. b4 Rxf4 42. Rf2 Rxb4 43. Nxd6+ Kf6 44. Nxf5 gxf5 45. Rd2 Ke7 46. d6+ Kd7
47. Kf2 Rb3 48. Rd4 Ra3 49. Rb4 Kxd6 50. Rxb7 Ke5 51. Rh7 Ke4 52. Rh6 Rxa5 53.
Rxh3 Ra2+ 54. Kg1 f4 55. Rc3 Kf5 56. h3 Kg5 57. Rc4 a5 58. Kf1 a4 59. h4+ Kg4
60. h5 Kg3 61. h6 f3 62. Rc1 Rh2 0-1

[Event "Mislata 2017 Torneo A"]
[Site "Mislata ESP"]
[Date "2017.08.08"]
[Round "2.1"]
[White "Garcia Sancho, Josep"]
[Black "Kovacevic, Slobodan"]
[Result "1-0"]
[WhiteElo "2076"]
[BlackElo "2304"]
[PlyCount "95"]
[EventDate "2017.08.07"]
[EventType "swiss"]
[EventRounds "9"]
[EventCountry "ESP"]
[SourceTitle "Ajedrez en Madrid"]
[Source "lmi"]
[SourceDate "2017.08.07"]

1. d4 Nf6 2. c4 e6 3. Nc3 c5 4. d5 exd5 5. cxd5 d6 6. g3 g6 7. Bg2 Bg7 8. Nf3
O-O 9. O-O Re8 10. Nd2 a6 11. a4 Nbd7 12. h3 Rb8 13. Nc4 Nb6 14. Na3 Bd7 15. e4
Nc8 16. Qd3 Nh5 17. g4 Nf6 18. Bf4 h5 19. g5 Nh7 20. Nc4 Nxg5 21. Qg3 Bf6 22.
Nxd6 Nxd6 23. Bxd6 Rc8 24. e5 h4 25. Qe3 Bf5 26. Rae1 c4 27. f4 Nh7 28. Be4 Bg7
29. Kh2 Qd7 30. Rg1 Rcd8 31. Bc5 Bxe4 32. Qxe4 b5 33. axb5 axb5 34. e6 fxe6 35.
dxe6 Qc7 36. Nd5 Rxd5 37. Qxd5 Qxf4+ 38. Kh1 Nf6 39. Qg2 Qf5 40. Bd4 Nh5 41.
Bf2 Nf4 42. Qg4 Qd5+ 43. Kh2 Be5 44. Bxh4 Ne2+ 45. Bg3 Rxe6 46. Rxe2 Bxg3+ 47.
Rxg3 Rf6 48. Qc8+ 1-0

[Event "Mislata 2017 Torneo A"]
[Site "Mislata ESP"]
[Date "2017.08.08"]
[Round "2.2"]
[White "Balada Moreno, Jose Luis"]
[Black "Insa Alfonso, Pablo"]
[Result "0-1"]
[WhiteElo "1991"]
[BlackElo "2223"]
[PlyCount "94"]
[EventDate "2017.08.07"]
[EventType "swiss"]
[EventRounds "9"]
[EventCountry "ESP"]
[SourceTitle "Ajedrez en Madrid"]
[Source "lmi"]
[SourceDate "2017.08.07"]

1. e4 Nf6 2. e5 Nd5 3. Nc3 e6 4. Nxd5 exd5 5. Qf3 c6 6. d4 d6 7. exd6 Bxd6 8.
Bd3 Qh4 9. Qe3+ Qe7 10. Ne2 O-O 11. Qxe7 Bxe7 12. Bf4 Bg4 13. h3 Bh5 14. Ng3
Bg6 15. Nf5 Bf6 16. O-O-O Na6 17. c3 c5 18. g4 Bxf5 19. gxf5 cxd4 20. Bxa6 bxa6
21. cxd4 Rfe8 22. Be3 Re4 23. Rd3 Bd8 24. Ra3 a5 25. Kd2 Bb6 26. Kd3 Rh4 27.
Rc3 f6 28. Rhc1 Rh5 29. Rc8+ Rxc8 30. Rxc8+ Kf7 31. Kc3 Rxf5 32. b4 Rh5 33.
bxa5 Bxa5+ 34. Kb3 Rxh3 35. Ka4 Bb6 36. Kb5 Rh1 37. Kc6 Ra1 38. Kxd5 Rxa2 39.
Rb8 Rc2 40. Rb7+ Kg6 41. Ke6 Re2 42. Rxb6 axb6 43. d5 f5 44. Kd7 Kf7 45. d6 f4
46. Bxb6 Rd2 47. Kc7 Ke6 0-1

[Event "Mislata 2017 Torneo A"]
[Site "Mislata ESP"]
[Date "2017.08.08"]
[Round "2.3"]
[White "Jordan Martinez, Miguel"]
[Black "Gonzalvez Tamarit, Ruben"]
[Result "1-0"]
[WhiteElo "2212"]
[BlackElo "2073"]
[PlyCount "94"]
[EventDate "2017.08.07"]
[EventType "swiss"]
[EventRounds "9"]
[EventCountry "ESP"]
[SourceTitle "Ajedrez en Madrid"]
[Source "lmi"]
[SourceDate "2017.08.07"]

1. e4 e5 2. Bc4 Nf6 3. d3 Be7 4. Nc3 Nc6 5. f4 exf4 6. Bxf4 d6 7. Nf3 Be6 8.
Nd5 Na5 9. Bb5+ c6 10. Nxe7 Qxe7 11. Qd2 Qd8 12. Ba4 b5 13. Bb3 Nxb3 14. axb3
O-O 15. Bg5 h6 16. Bh4 Bg4 17. O-O Bxf3 18. Rxf3 Nxe4 19. Qf4 Ng5 20. Rg3 f6
21. Re3 Qd7 22. Bg3 Rae8 23. Rxe8 Rxe8 24. Qxd6 Qxd6 25. Bxd6 Re2 26. Rc1 Re6
27. Bc5 a6 28. Kf2 Re5 29. Be3 Re8 30. b4 Kf7 31. h4 Nh7 32. c4 g5 33. cxb5
cxb5 34. g3 Nf8 35. d4 Re6 36. Kf3 Ng6 37. Rc7+ Re7 38. Rc6 Re6 39. Rc7+ Re7
40. Rc6 Re6 41. Rc5 Ne7 42. hxg5 hxg5 43. g4 Rc6 44. Ke4 Re6+ 45. Kd3 Rd6 46.
Bf2 Rc6 47. Be1 Rxc5 1-0

[Event "Mislata 2017 Torneo A"]
[Site "Mislata ESP"]
[Date "2017.08.08"]
[Round "2.4"]
[White "Gimenez Ruiz, Jesus"]
[Black "Marin Corresa, Arturo"]
[Result "0-1"]
[WhiteElo "1697"]
[BlackElo "2114"]
[PlyCount "90"]
[EventDate "2017.08.07"]
[EventType "swiss"]
[EventRounds "9"]
[EventCountry "ESP"]
[SourceTitle "Ajedrez en Madrid"]
[Source "lmi"]
[SourceDate "2017.08.07"]

1. d4 Nf6 2. Bf4 b5 3. e3 a6 4. Nf3 e6 5. Bd3 Bb7 6. Nbd2 d5 7. h3 c5 8. c3 Nc6
9. Ne5 Nxe5 10. Bxe5 Be7 11. O-O Qb6 12. a3 Nd7 13. Bg3 h5 14. Nf3 c4 15. Be2
g5 16. Ne5 h4 17. Nxd7 Kxd7 18. Be5 f6 19. Bh2 Rag8 20. f3 Bc6 21. Qc2 f5 22.
Be5 Rh7 23. Rf2 Bd6 24. Bxd6 Kxd6 25. Raf1 Kc7 26. Bd1 Re7 27. Qb1 Kb8 28. Bc2
g4 29. fxg4 fxg4 30. Rf8+ Rxf8 31. Rxf8+ Kb7 32. hxg4 Rg7 33. Rf4 e5 34. Rf6
Qc7 35. Bf5 exd4 36. exd4 h3 37. Rh6 hxg2 38. Kxg2 Qf4 39. Rh4 Re7 40. Rh7 Rxh7
41. Bxh7 Qxg4+ 42. Kf2 Qf4+ 43. Ke2 Bd7 44. Qc2 Bg4+ 45. Ke1 Qe3+ 0-1

[Event "Mislata 2017 Torneo A"]
[Site "Mislata ESP"]
[Date "2017.08.08"]
[Round "2.5"]
[White "Jordan Martinez, David"]
[Black "Garcia Fernandez, Carlos"]
[Result "0-1"]
[WhiteElo "2095"]
[BlackElo "2295"]
[PlyCount "138"]
[EventDate "2017.08.07"]
[EventType "swiss"]
[EventRounds "9"]
[EventCountry "ESP"]
[SourceTitle "Ajedrez en Madrid"]
[Source "lmi"]
[SourceDate "2017.08.07"]

1. e4 e5 2. Nf3 Nc6 3. Bc4 Nf6 4. d3 h6 5. c3 d6 6. Nbd2 g6 7. O-O Bg7 8. Re1
O-O 9. Nf1 a6 10. Bb3 d5 11. Ng3 Be6 12. Qe2 Qd7 13. h3 Rad8 14. Be3 dxe4 15.
dxe4 Bxb3 16. axb3 Qe6 17. Qc4 Rfe8 18. Qxe6 Rxe6 19. b4 Red6 20. Kf1 Nh7 21.
Ke2 Nf8 22. Red1 Ne6 23. Rxd6 Rxd6 24. Rd1 Nf4+ 25. Bxf4 exf4 26. Rxd6 cxd6 27.
Nf1 Kf8 28. N1d2 Ke7 29. Nc4 Ke6 30. Kd3 g5 31. Na5 Nd8 32. Nb3 Kd7 33. Nbd4
Ne6 34. Nf5 Bf8 35. N3d4 a5 36. f3 axb4 37. cxb4 h5 38. b5 g4 39. hxg4 hxg4 40.
b4 g3 41. Kc4 Be7 42. Nxe6 fxe6 43. Nd4 Bf6 44. Nc2 Kc7 45. Ne1 Kb6 46. Nd3 Be5
47. Ne1 Bg7 48. Nd3 Bh6 49. Nb2 Bg7 50. Na4+ Kc7 51. b6+ Kc6 52. b5+ Kd7 53.
Nc3 Bxc3 54. Kxc3 e5 55. Kd3 Ke6 56. Kc4 d5+ 57. exd5+ Kd6 58. Kc3 Kxd5 59. Kd3
e4+ 60. fxe4+ Ke5 61. Kd2 Kxe4 62. Ke2 f3+ 63. gxf3+ Kf4 64. Ke1 Kxf3 65. Kf1
Ke4 66. Kg2 Kd5 67. Kxg3 Kc5 68. Kf4 Kxb6 69. Ke4 Kxb5 0-1

[Event "Mislata 2017 Torneo A"]
[Site "Mislata ESP"]
[Date "2017.08.08"]
[Round "2.6"]
[White "Lucas Leon, Angel"]
[Black "Hidalgo Duque, Carlos"]
[Result "1/2-1/2"]
[WhiteElo "2055"]
[BlackElo "2205"]
[PlyCount "141"]
[EventDate "2017.08.07"]
[EventType "swiss"]
[EventRounds "9"]
[EventCountry "ESP"]
[SourceTitle "Ajedrez en Madrid"]
[Source "lmi"]
[SourceDate "2017.08.07"]

1. d4 d5 2. c4 e6 3. Nc3 Nf6 4. cxd5 exd5 5. Bg5 Be7 6. e3 O-O 7. Bd3 Nbd7 8.
Qc2 c6 9. Nge2 Re8 10. O-O Nf8 11. Kh1 Ng6 12. f3 Be6 13. Rae1 Rc8 14. e4 dxe4
15. fxe4 Ng4 16. Bxe7 Qxe7 17. Nf4 Qd6 18. e5 Qxd4 19. Nxe6 Rxe6 20. Re4 Qc5
21. Rxg4 Rxe5 22. Bxg6 hxg6 23. h3 Rce8 24. Qf2 Qxf2 25. Rxf2 c5 26. Rd2 R8e6
27. Rd8+ Re8 28. Rxe8+ Rxe8 29. Re4 Kf8 30. Rxe8+ Kxe8 31. Nb5 Kd7 32. Nxa7 c4
33. Kg1 Kd6 34. Nb5+ Kc5 35. Nc3 Kd4 36. Kf2 Kd3 37. Nd1 Kc2 38. Ke2 b5 39. a3
f6 40. h4 Kc1 41. Nc3 Kxb2 42. Nxb5 c3 43. Nxc3 Kxc3 44. Ke3 Kb3 45. Kd4 Kxa3
46. Kd5 Kb4 47. Ke6 Kc4 48. Kf7 g5 49. h5 f5 50. Kxg7 f4 51. h6 g4 52. h7 f3
53. h8=Q Kd3 54. gxf3 gxf3 55. Qd8+ Ke2 56. Qe7+ Kf1 57. Kg6 f2 58. Kh5 Kg1 59.
Qe3 Kh1 60. Qh3+ Kg1 61. Qg3+ Kh1 62. Qf3+ Kg1 63. Qe3 Kh1 64. Qc1+ Kg2 65. Qd2
Kh1 66. Qd1+ Kg2 67. Qe2 Kg1 68. Qg4+ Kh1 69. Qh3+ Kg1 70. Qg3+ Kh1 71. Qxf2
1/2-1/2

[Event "Mislata 2017 Torneo A"]
[Site "Mislata ESP"]
[Date "2017.08.08"]
[Round "2.7"]
[White "Mingo Fernandez, Matias"]
[Black "Carbonell Sancho, Marc"]
[Result "1-0"]
[WhiteElo "2201"]
[BlackElo "1947"]
[PlyCount "97"]
[EventDate "2017.08.07"]
[EventType "swiss"]
[EventRounds "9"]
[EventCountry "ESP"]
[SourceTitle "Ajedrez en Madrid"]
[Source "lmi"]
[SourceDate "2017.08.07"]

1. d4 Nf6 2. Bf4 g6 3. e3 Bg7 4. h3 d6 5. Nd2 O-O 6. Ngf3 b6 7. Be2 Bb7 8. a4
a5 9. c3 Nbd7 10. Bh2 Ne4 11. O-O e5 12. Nc4 Qe7 13. Na3 f5 14. Nb5 c5 15. dxe5
Nxe5 16. Qb3+ Kh8 17. Rad1 d5 18. Na3 Nxf3+ 19. Bxf3 Qe6 20. Bc7 Rfc8 21. Nb5
Ba6 22. Rxd5 Re8 23. Qd1 Rac8 24. Bf4 Bxb5 25. axb5 a4 26. Bxe4 Qxe4 27. Rd6 a3
28. Qb3 axb2 29. Qxb2 Qc4 30. Rxb6 Ra8 31. Ra6 Rxa6 32. bxa6 Qxa6 33. Qb3 Qd3
34. Rd1 Qxc3 35. Qf7 Rf8 36. Qe7 c4 37. Rd7 Qf6 38. Qc5 Qe6 39. Re7 Qc8 40. Rc7
Qe6 41. Re7 Qc8 42. Rc7 Qe6 43. Qa7 Rg8 44. Bh6 Qe5 45. Bxg7+ Rxg7 46. Qb8+ Rg8
47. Rxh7+ Kxh7 48. Qxe5 Rc8 49. Qe6 1-0

[Event "Mislata 2017 Torneo A"]
[Site "Mislata ESP"]
[Date "2017.08.08"]
[Round "3.1"]
[White "Insa Alfonso, Pablo"]
[Black "Garcia Sancho, Josep"]
[Result "1/2-1/2"]
[WhiteElo "2223"]
[BlackElo "2076"]
[PlyCount "90"]
[EventDate "2017.08.07"]
[EventType "swiss"]
[EventRounds "9"]
[EventCountry "ESP"]
[SourceTitle "Ajedrez en Madrid"]
[Source "lmi"]
[SourceDate "2017.08.07"]

1. e4 c5 2. Nf3 Nc6 3. d4 cxd4 4. Nxd4 g6 5. c4 Nf6 6. Nc3 Nxd4 7. Qxd4 d6 8.
Be3 Bg7 9. Be2 O-O 10. Qd2 a5 11. f3 a4 12. Kf2 Be6 13. Rhc1 Nd7 14. Rab1 f5
15. Kg1 Nc5 16. b4 axb3 17. axb3 fxe4 18. b4 Nd3 19. Bxd3 exd3 20. Nb5 Rc8 21.
Na3 Qd7 22. Rb3 Bf5 23. Nb5 d5 24. Rxd3 Bxd3 25. Qxd3 Qf5 26. Qxf5 Rxf5 27. c5
Re5 28. Kf2 Ra8 29. Rc2 Ra4 30. Bd2 Rf5 31. g4 Rf8 32. Nc7 Ra3 33. f4 e5 34.
Nxd5 exf4 35. Bc3 Bxc3 36. Nxc3 Rd8 37. b5 Rd4 38. Ne2 Rd8 39. c6 bxc6 40. bxc6
Ra4 41. Rc5 Rc8 42. Nc3 Ra6 43. c7 Kf7 44. h4 Ke6 45. Nb5 Ra4 1/2-1/2

[Event "Mislata 2017 Torneo A"]
[Site "Mislata ESP"]
[Date "2017.08.08"]
[Round "3.2"]
[White "Marin Corresa, Arturo"]
[Black "Jordan Martinez, Miguel"]
[Result "0-1"]
[WhiteElo "2114"]
[BlackElo "2212"]
[PlyCount "102"]
[EventDate "2017.08.07"]
[EventType "swiss"]
[EventRounds "9"]
[EventCountry "ESP"]
[SourceTitle "Ajedrez en Madrid"]
[Source "lmi"]
[SourceDate "2017.08.07"]

1. Nf3 Nf6 2. g3 g6 3. Bg2 Bg7 4. c4 O-O 5. Nc3 d6 6. O-O e5 7. d3 Re8 8. e4 c6
9. Qc2 Nbd7 10. b4 Nf8 11. a4 Bg4 12. h3 Bd7 13. a5 Ne6 14. Be3 Nh5 15. Qd2
Nhf4 16. Bxf4 exf4 17. d4 Ng5 18. Nxg5 Qxg5 19. Rad1 Bh6 20. g4 Qh4 21. Qd3
Rad8 22. Rfe1 Bg7 23. c5 Be6 24. d5 Bc8 25. Qf3 Be5 26. b5 cxd5 27. Nxd5 dxc5
28. Nxf4 Bd7 29. Bf1 Qf6 30. Rd5 Bxf4 31. Red1 Bh2+ 32. Kg2 Qxf3+ 33. Kxf3 Re7
34. b6 a6 35. Ke3 Kf8 36. Rxc5 Ke8 37. Rcd5 Rc8 38. f4 Bc6 39. Bc4 Bxd5 40.
Bxd5 h6 41. Rh1 Bg3 42. Rg1 Rc3+ 43. Kd2 Ra3 44. Rf1 Rxa5 45. Rf3 Bh2 46. f5
Be5 47. fxg6 fxg6 48. h4 Rb5 49. h5 gxh5 50. gxh5 Rxb6 51. Rf5 Rf6 0-1

[Event "Mislata 2017 Torneo A"]
[Site "Mislata ESP"]
[Date "2017.08.08"]
[Round "3.3"]
[White "Remolar Gallen, Jose"]
[Black "Mingo Fernandez, Matias"]
[Result "1-0"]
[WhiteElo "2304"]
[BlackElo "2201"]
[PlyCount "89"]
[EventDate "2017.08.07"]
[EventType "swiss"]
[EventRounds "9"]
[EventCountry "ESP"]
[SourceTitle "Ajedrez en Madrid"]
[Source "lmi"]
[SourceDate "2017.08.07"]

1. d4 d5 2. c4 c6 3. Nf3 Nf6 4. Nc3 Bf5 5. cxd5 cxd5 6. Qb3 Bc8 7. Bg5 e6 8. e3
Be7 9. Bd3 Nc6 10. h3 Bd7 11. O-O O-O 12. Qd1 Rc8 13. Qe2 a6 14. a3 Be8 15.
Rad1 Nd7 16. Bf4 Nb6 17. Bb1 f5 18. g4 Bg6 19. Kg2 Nc4 20. Rh1 Nd6 21. h4 Ne4
22. h5 Bf7 23. gxf5 exf5 24. Rh3 Be6 25. Rg1 Bd6 26. Kh1 Kh8 27. Ng5 Bg8 28. f3
Bxf4 29. exf4 Nd6 30. Rhg3 Qf6 31. Qg2 Rc7 32. Ba2 Nc4 33. h6 g6 34. Qh2 Rd7
35. Bxc4 dxc4 36. d5 Ne7 37. R3g2 Nxd5 38. Rd2 Nb6 39. Rgd1 Rfd8 40. a4 Rd3 41.
a5 Nc8 42. Qe2 Qd6 43. Rxd3 cxd3 44. Rxd3 Qxf4 45. Nf7+ 1-0